000 00595nam a2200205Ii 4500
003 JO-AjNU
008 230605s9999||||xx |||||||||||||| ||und||
040 _aJO-AjNU
_bara
_erda
_cJO-AjNU
041 _aara
050 1 4 _aPJ7852.A42.A17 1985
100 3 _aتأليف النحوي،عدنان علي رضا محمد,
_eauthor
_916968
245 0 0 _aموكب النور: شعر
250 _aط2
264 3 1 _aد.ن
300 _a224ص
336 _atext
_btxt
_2rdacontent
337 _aunmediated
_bn
_2rdamedia
338 _avolume
_bnc
_2rdacarrier
650 4 _aالشعر العربي
_916969
999 _aA5144
_c8712
_d8712